000 00429nam a2200205Ia 4500
001 14493
003 GE_BSU
008 181216s||||||||xx |||||||||||||| ||und||
020 _a0330443585
040 _cGE_BSU
080 _a821.111-3
100 _aHerriot,James
245 _aVets Might Ely
260 _aLondon
260 _bPan books
260 _c1976
300 _a239p.20cm.
653 _aVets Might Ely
942 _cBK
999 _c47624
_d47624